000 00533nam a22001937a 4500
003 MPLRDC
005 20220104143055.0
008 210129b ||||| |||| 00| 0 eng d
020 _a978-7-104-02579-5
082 _a859.6 SJWX-2 v.10
100 _a刘泰丰 主编
245 _a一千零一夜
_c王勇 等译
250 _a一版一刷
260 _a中国
_b中国戏剧出版社
_c2007
300 _b300
490 _a世界文学名著精品(第二辑)
650 _a阿拉伯民间故事
942 _cBK
_o859.6 SJWX-2 v.10
999 _c36353
_d36343